00333nam a2200133Ia 4500008004100000041000800041082001400049100002200063245002300085250001400108260003300122300003300155365001100188240624s9999 xx 000 0 und d aeng a332.6 HAG aHAGSTROM ROBERT G aWARREN BUFFETT WAY a(2nd ed.) c2009aNew DelhibWiley India axxiii, : 245 : p. : cm. ; 23 cRSb30